000 00391nam a2200169Ia 4500
008 230524s9999 xx 000 0 und d
020 _a8174091467
082 _a512.5
_bGRE
100 _aB.S.Grewal
245 0 _aNumerical Methods
250 _a6TH
260 _aNEW DELHI
_bKhanna
_c2003
300 _aVIII;685
500 _aQuantity Number: 3
650 _aMathematics
942 _cBK
999 _c31531
_d31531